| 000 | 00658nam a22002057a 4500 | ||
|---|---|---|---|
| 003 | UA-OsUOA | ||
| 001 | 34807 | ||
| 007 | ta | ||
| 008 | 20051021b un ||||| |||| 00| 0 ukr d | ||
| 090 |
_a75.01 _bЄ 34 |
||
| 942 | _cBK | ||
| 040 |
_aUA-OsUOA _bukr _cUA-OsUOA _dUA-OsUOA |
||
| 245 |
_aЄдність _b100 українських митців світу - 100-річчю українських поселень в Канаді |
||
| 955 | _a2 | ||
| 041 | _aukr | ||
| 080 | _a75.01 | ||
| 260 |
_aК. _bКФПР _c1992 |
||
| 650 | 7 |
_a75.01 Естетика. Філософія. Смак. Теорія живопису в цілому _2UDC |
|
| 999 |
_c321236 _d321236 |
||